Szczegóły MARC21

Przedsiębiorstwo w kryzysie : upadłość lub układ /

003 -Nazwa inst., której nr kontr. jest w polu 001 [,]
    • @
    • Nazwa instytucji, której n kontrolny jest w polu 001
    • NUKAT
005 -DATA I CZAS OSTATNIEJ MODYFIKACJI [,]
    • @
    • pole kontrolne
    • 20241231105204.0
020 -Międzynarod. znormalizowany nr książki - ISBN [ , ]
    • a
    • Numer ISBN
    • 8387218111 Find
040 -Instytucja sporządzająca opis [ , ]
    • a
    • Instytucja, która sporządziła opis (NP)
    • Ł U/JO
    • c
    • Instytucja, która sporządziła rekord (NP)
    • Ł U/JO
    • d
    • Instytucja, która zmodyfikowała rekord (P)
    • Ł U/MK
    • d
    • Instytucja, która zmodyfikowała rekord (P)
    • Ł U/MSs
942 -Rodzaj dokumentu [ , ]
    • c
    • Rodzaj dokumentu
    • Książka
100 -Hasło główne - nazwa osobowa [1, ]
    • a
    • Nazwa osobowa (NP)
    • Czajka, Dariusz.
    • 9
    • KHW
    • 16169
245 -Strefa tytułu i oznaczenia odpowiedzialności [1,0]
    • a
    • Tytuł
    • Przedsiębiorstwo w kryzysie : Find
    • b
    • Ciąg dalszy tytułu (NP)
    • upadłość lub układ / Find
    • c
    • Pozostałe elementy strefy tytułu i oznaczenia odpowiedzialności (NP)
    • Dariusz Czajka.
260 -Strefa adresu wydawniczego [ , ]
    • a
    • Miejsce wydania (P)
    • Warszawa :
    • b
    • Nazwa wydawcy (P)
    • Wydawnictwo Zrzeszenia Prawników Polskich,
    • c
    • Data wydania (P)
    • cop. 1999.
300 -Strefa opisu fizycznego [ , ]
    • a
    • Określenie formy książki i/lub objętość (NP)
    • 654 s. ;
    • c
    • Format (NP)
    • 21 cm.
336 -Typ zawartości [ , ]
    • a
    • Termin opisujący typ zawartości
    • Tekst
    • b
    • Kod określający zawartość
    • txt
    • 2
    • Źródło (terminu i kodu)
    • rdacontent
337 -Typ mediów [ , ]
    • a
    • Tryb odtwarzania
    • Bez urządzenia pośredniczącego
    • b
    • Kod typu mediów
    • n
    • 2
    • Źródło (terminu i kodu)
    • rdamedia
338 -Typ/rodzaj nośnika [ , ]
    • a
    • Hasło opisujące typ nośnika
    • Wolumin
    • b
    • Kod typu nośnika
    • nc
    • 2
    • Źródło (terminu i kodu)
    • rdacarrier
080 -Uniwersalna Klasyfikacja Dziesiętna [ , ]
    • a
    • Symbol klasyfikacji
    • 347.736
080 -Uniwersalna Klasyfikacja Dziesiętna [ , ]
    • a
    • Symbol klasyfikacji
    • :342.951
080 -Uniwersalna Klasyfikacja Dziesiętna [ , ]
    • a
    • Symbol klasyfikacji
    • :351.82
080 -Uniwersalna Klasyfikacja Dziesiętna [ , ]
    • a
    • Symbol klasyfikacji
    • :334.72
650 -Hasło przedmiotowe [ ,7]
    • a
    • Hasło przedmiotowe
    • Upadłość
    • z
    • Określnik geograficzny
    • Polska.
    • 2
    • Źródło terminu
    • kaba
    • 9
    • KHW
    • 358823
650 -Hasło przedmiotowe [ ,7]
    • a
    • Hasło przedmiotowe
    • Przedsiębiorstwa
    • x
    • Określnik rzeczowy
    • prawo
    • z
    • Określnik geograficzny
    • Polska.
    • 2
    • Źródło terminu
    • kaba
    • 9
    • KHW
    • 352913
650 -Hasło przedmiotowe [ ,7]
    • a
    • Hasło przedmiotowe
    • Ugoda
    • z
    • Określnik geograficzny
    • Polska.
    • 2
    • Źródło terminu
    • kaba
    • 9
    • KHW
    • 367529
650 -Hasło przedmiotowe [ ,7]
    • a
    • Hasło przedmiotowe
    • Upadłość
    • z
    • Określnik geograficzny
    • Polska
    • v
    • Określnik formalny
    • legislacja.
    • 2
    • Źródło terminu
    • kaba
    • 9
    • KHW
    • 354673
650 -Hasło przedmiotowe [ ,7]
    • a
    • Hasło przedmiotowe
    • Ugoda
    • z
    • Określnik geograficzny
    • Polska
    • x
    • Określnik rzeczowy
    • legislacja.
    • 2
    • Źródło terminu
    • kaba
    • 9
    • KHW
    • 527583
650 -Hasło przedmiotowe [ ,7]
    • a
    • Hasło przedmiotowe
    • Likwidacja przedsiębiorstw
    • z
    • Określnik geograficzny
    • Polska.
    • 2
    • Źródło terminu
    • kaba
    • 9
    • KHW
    • 395760
980 -Symbol UKD [ , ]
    • a
    • UKD
    • 347.736:342.951:351.82:334.72
920 -ISBN [ , ]
    • a
    • ISBN
    • 83-87218-11-1 Find
Data inwentaryzacji Lokalizacja Numer inwentarzowy Sygnatura Status udost.
2000-01-17BEE.66527 -2
2000-01-17BES.85115 -3
1999-09-03BGW.199933W.199933-3
1999-09-03BGW.199934W.199933-3
1999-09-03BGW.199935W.199933-3
1999-09-03BSASA.9468SA.94681